[Event "1st 4NCL Easter Congress"]
[Site "Stevenage"]
[Date "2019.04.20"]
[Round "3"]
[Board "2"]
[White "Richardson, John R"]
[Black "Hebden, Mark L"]
[Result "0-1"]
[WhiteElo "2243"]
[BlackElo "2420"]
[PlyCount "0"]
[EventDate "2019.04.19"]
[EventRounds "7"]
[EventCountry "ENG"]

1. d4 {[%clk 01:30:59]} Nf6 {[%clk 01:30:39]} {[%emt 00:00:21]} 2. c4 {[%clk
01:31:25]} {[%emt 00:00:04]} g6 {[%clk 01:30:45]} {[%emt 00:00:23]} 3. g3
{[%clk 01:31:47]} {[%emt 00:00:09]} Bg7 {[%clk 01:30:38]} {[%emt 00:00:36]} 4.
Bg2 {[%clk 01:32:13]} {[%emt 00:00:04]} O-O {[%clk 01:30:59]} {[%emt 00:00:09]}
5. Nc3 {[%clk 01:32:41]} {[%emt 00:00:02]} d6 {[%clk 01:31:19]} {[%emt
00:00:09]} 6. Nf3 {[%clk 01:33:08]} {[%emt 00:00:04]} Nc6 {[%clk 01:31:41]}
{[%emt 00:00:08]} 7. O-O {[%clk 01:33:31]} {[%emt 00:00:08]} Rb8 {[%clk
01:32:06]} {[%emt 00:00:04]} 8. b3 {[%clk 01:33:45]} {[%emt 00:00:16]} a6
{[%clk 01:32:30]} {[%emt 00:00:06]} 9. Nd5 {[%clk 01:34:06]} {[%emt 00:00:10]}
Nh5 {[%clk 01:32:53]} {[%emt 00:00:07]} 10. Bb2 {[%clk 01:34:07]} {[%emt
00:00:29]} e6 {[%clk 01:33:14]} {[%emt 00:00:09]} 11. Ne3 {[%clk 01:33:59]}
{[%emt 00:00:38]} Ne7 {[%clk 01:32:42]} {[%emt 00:01:02]} 12. Qd2 {[%clk
01:23:46]} {[%emt 00:10:44]} f5 {[%clk 01:31:55]} {[%emt 00:01:17]} 13. Rac1
{[%clk 01:21:29]} {[%emt 00:02:47]} Nf6 {[%clk 01:31:50]} {[%emt 00:00:34]} 14.
d5 {[%clk 01:11:08]} {[%emt 00:10:52]} Ne4 {[%clk 01:30:23]} {[%emt 00:01:57]}
15. Qc2 {[%clk 01:11:22]} {[%emt 00:00:17]} e5 {[%clk 01:28:50]} {[%emt
00:02:03]} 16. Ne1 {[%clk 01:05:54]} {[%emt 00:05:58]} Nf6 {[%clk 01:26:36]}
{[%emt 00:02:43]} 17. f4 {[%clk 00:58:30]} {[%emt 00:07:55]} e4 {[%clk
01:26:01]} {[%emt 00:01:05]} 18. Qd2 {[%clk 00:58:54]} {[%emt 00:00:07]} b5
{[%clk 01:20:59]} {[%emt 00:05:33]} 19. c5 {[%clk 00:55:04]} {[%emt 00:04:20]}
dxc5 {[%clk 01:20:54]} {[%emt 00:00:34]} 20. Rxc5 {[%clk 00:55:27]} {[%emt
00:00:07]} Bb7 {[%clk 01:18:03]} {[%emt 00:03:21]} 21. N1c2 {[%clk 00:55:03]}
{[%emt 00:00:54]} Qd6 {[%clk 01:17:47]} {[%emt 00:00:45]} 22. b4 {[%clk
00:54:50]} {[%emt 00:00:44]} Nfxd5 {[%clk 01:13:12]} {[%emt 00:05:05]} 23. Bxg7
{[%clk 00:54:17]} {[%emt 00:01:04]} Kxg7 {[%clk 01:12:34]} {[%emt 00:01:07]} 24.
Nxd5 {[%clk 00:50:54]} {[%emt 00:03:54]} Nxd5 {[%clk 01:12:14]} {[%emt
00:00:50]} 25. Ne3 {[%clk 00:50:05]} {[%emt 00:01:19]} Nxe3 {[%clk 01:08:28]}
{[%emt 00:04:16]} 26. Qxe3 {[%clk 00:50:33]} {[%emt 00:00:02]} Rf7 {[%clk
01:08:16]} {[%emt 00:00:41]} 27. g4 {[%clk 00:46:24]} {[%emt 00:04:40]} Rd8
{[%clk 01:03:32]} {[%emt 00:05:13]} 28. gxf5 {[%clk 00:46:20]} {[%emt
00:00:34]} gxf5 {[%clk 01:03:28]} {[%emt 00:00:34]} 29. Rfc1 {[%clk 00:45:54]}
{[%emt 00:00:57]} Bd5 {[%clk 00:55:32]} {[%emt 00:08:25]} 30. Bh3 {[%clk
00:40:32]} {[%emt 00:05:53]} c6 {[%clk 00:54:42]} {[%emt 00:01:19]} 31. Kf2
{[%clk 00:40:49]} {[%emt 00:00:13]} Qf6 {[%clk 00:48:29]} {[%emt 00:06:43]} 32.
Rg1+ {[%clk 00:40:43]} {[%emt 00:00:37]} Kh8 {[%clk 00:48:06]} {[%emt
00:00:53]} 33. a3 {[%clk 00:37:55]} {[%emt 00:03:18]} Rg8 {[%clk 00:46:27]}
{[%emt 00:02:08]} 34. Rg3 {[%clk 00:33:10]} {[%emt 00:05:16]} Rg6 {[%clk
00:44:28]} {[%emt 00:02:28]} 35. Rc3 {[%clk 00:30:47]} {[%emt 00:02:53]} Rxg3
{[%clk 00:39:07]} {[%emt 00:05:51]} 36. hxg3 {[%clk 00:31:12]} {[%emt
00:00:05]} h5 {[%clk 00:39:27]} {[%emt 00:00:10]} 37. Rc1 {[%clk 00:25:19]}
{[%emt 00:06:24]} h4 {[%clk 00:39:11]} {[%emt 00:00:45]} 38. Qc3 {[%clk
00:11:55]} {[%emt 00:13:54]} hxg3+ {[%clk 00:38:59]} {[%emt 00:00:43]} 39. Kg1
{[%clk 00:12:18]} {[%emt 00:00:07]} Kg7 {[%clk 00:38:20]} {[%emt 00:01:09]} 40.
Kg2 {[%clk 00:11:33]} {[%emt 00:01:15]} a5 {[%clk 00:37:04]} {[%emt 00:01:46]}
41. bxa5 {[%clk 00:10:25]} {[%emt 00:01:38]} Qxc3 {[%clk 00:34:19]} {[%emt
00:03:14]} 42. Rxc3 {[%clk 00:10:54]} {[%emt 00:00:01]} Kf6 {[%clk 00:34:37]}
{[%emt 00:00:12]} 43. Kxg3 {[%clk 00:08:14]} {[%emt 00:03:11]} Ra7 {[%clk
00:34:59]} {[%emt 00:00:08]} 44. Kf2 {[%clk 00:08:42]} {[%emt 00:00:02]} Rxa5
{[%clk 00:35:18]} {[%emt 00:00:10]} 45. Ke3 {[%clk 00:08:52]} {[%emt 00:00:20]}
Ra4 {[%clk 00:35:36]} {[%emt 00:00:12]} 46. Bf1 {[%clk 00:09:08]} {[%emt
00:00:14]} Ke6 {[%clk 00:34:43]} {[%emt 00:01:23]} 47. Bh3 {[%clk 00:09:30]}
{[%emt 00:00:08]} Bc4 {[%clk 00:33:41]} {[%emt 00:01:31]} 48. Bf1 {[%clk
00:06:41]} {[%emt 00:03:19]} Kd6 {[%clk 00:32:15]} {[%emt 00:01:56]} 49. Kd2
{[%clk 00:06:30]} {[%emt 00:00:41]} c5 {[%clk 00:32:16]} {[%emt 00:00:29]} 50.
Kc2 {[%clk 00:06:26]} {[%emt 00:00:34]} Ra8 {[%clk 00:30:08]} {[%emt 00:02:38]}
51. Rg3 {[%clk 00:04:36]} {[%emt 00:02:20]} Kd5 {[%clk 00:29:07]} {[%emt
00:01:31]} 52. Rg5 {[%clk 00:02:47]} {[%emt 00:02:19]} Rxa3 {[%clk 00:27:42]}
{[%emt 00:01:55]} 53. Rxf5+ {[%clk 00:03:15]} {[%emt 00:00:02]} Kd4 {[%clk
00:27:57]} {[%emt 00:00:14]} 54. Rh5 {[%clk 00:02:37]} {[%emt 00:01:08]} Ra2+
{[%clk 00:25:53]} {[%emt 00:02:34]} 55. Kb1 {[%clk 00:03:01]} {[%emt 00:00:06]}
Rd2 {[%clk 00:25:40]} {[%emt 00:00:43]} 56. e3+ {[%clk 00:03:19]} {[%emt
00:00:13]} Kc3 {[%clk 00:24:22]} {[%emt 00:01:47]} 57. Bxc4 {[%clk 00:03:45]}
{[%emt 00:00:04]} Kxc4 {[%clk 00:23:09]} {[%emt 00:01:43]} 58. Re5 {[%clk
00:04:13]} {[%emt 00:00:02]} b4 {[%clk 00:23:21]} {[%emt 00:00:18]} 59. f5
{[%clk 00:01:37]} {[%emt 00:03:06]} Rd5 {[%clk 00:23:11]} {[%emt 00:00:40]} 60.
Rxe4+ {[%clk 00:01:36]} {[%emt 00:00:31]} Kb3 {[%clk 00:23:32]} {[%emt
00:00:09]} 61. Kc1 {[%clk 00:01:49]} {[%emt 00:00:18]} Rxf5 {[%clk 00:23:50]}
{[%emt 00:00:12]} 62. Rh4 {[%clk 00:01:44]} {[%emt 00:00:35]} c4 {[%clk
00:23:54]} {[%emt 00:00:25]} 63. e4 {[%clk 00:00:51]} {[%emt 00:01:23]} Rf1+
{[%clk 00:23:58]} {[%emt 00:00:26]} 64. Kd2 {[%clk 00:01:20]} {[%emt 00:00:01]}
c3+ {[%clk 00:24:12]} {[%emt 00:00:16]} 65. Ke2 {[%clk 00:01:31]} {[%emt
00:00:19]} Rg1 {[%clk 00:23:24]} {[%emt 00:01:17]} 66. Rh3 {[%clk 00:01:28]}
{[%emt 00:00:34]} Kb2 {[%clk 00:23:36]} {[%emt 00:00:18]}  0-1

[Event "1st 4NCL Easter Congress"]
[Site "Stevenage"]
[Date "2019.04.20"]
[Round "3"]
[Board "3"]
[White "Verma, Aditya"]
[Black "Harvey, Marcus R"]
[Result "0-1"]
[WhiteElo "2071"]
[BlackElo "2402"]
[PlyCount "0"]
[EventDate "2019.04.19"]
[EventRounds "7"]
[EventCountry "ENG"]

1. e4 {[%clk 01:30:58]} e6 {[%clk 01:21:10]} {[%emt 00:09:51]} 2. d4 {[%clk
01:31:21]} {[%emt 00:00:07]} d5 {[%clk 01:21:38]} {[%emt 00:00:02]} 3. Nd2
{[%clk 01:31:46]} {[%emt 00:00:05]} h6 {[%clk 01:22:06]} {[%emt 00:00:03]} 4.
c3 {[%clk 01:26:18]} {[%emt 00:05:57]} c5 {[%clk 01:22:29]} {[%emt 00:00:07]} 5.
exd5 {[%clk 01:23:40]} {[%emt 00:03:07]} Qxd5 {[%clk 01:22:57]} {[%emt
00:00:02]} 6. dxc5 {[%clk 01:21:46]} {[%emt 00:02:24]} Bxc5 {[%clk 01:23:15]}
{[%emt 00:00:13]} 7. Ngf3 {[%clk 01:22:10]} {[%emt 00:00:05]} Nf6 {[%clk
01:23:39]} {[%emt 00:00:06]} 8. Be2 {[%clk 01:21:18]} {[%emt 00:01:22]} Nc6
{[%clk 01:22:02]} {[%emt 00:02:07]} 9. O-O {[%clk 01:21:39]} {[%emt 00:00:09]}
O-O {[%clk 01:21:48]} {[%emt 00:00:44]} 10. Nb3 {[%clk 01:15:50]} {[%emt
00:06:19]} Qxd1 {[%clk 01:21:30]} {[%emt 00:00:48]} 11. Rxd1 {[%clk 01:15:24]}
{[%emt 00:00:55]} Bb6 {[%clk 01:21:59]} {[%emt 00:00:02]} 12. Nfd4 {[%clk
01:05:58]} {[%emt 00:09:54]} Nxd4 {[%clk 01:21:13]} {[%emt 00:01:18]} 13. Nxd4
{[%clk 01:05:28]} {[%emt 00:01:01]} e5 {[%clk 01:21:39]} {[%emt 00:00:04]} 14.
Nc2 {[%clk 01:05:13]} {[%emt 00:00:44]} Bf5 {[%clk 01:21:34]} {[%emt 00:00:35]}
15. Ne3 {[%clk 01:04:55]} {[%emt 00:00:47]} Be6 {[%clk 01:21:47]} {[%emt
00:00:18]} 16. Nc4 {[%clk 01:04:44]} {[%emt 00:00:40]} Bxc4 {[%clk 01:22:12]}
{[%emt 00:00:06]} 17. Bxc4 {[%clk 01:04:58]} {[%emt 00:00:16]} Ng4 {[%clk
01:21:49]} {[%emt 00:00:53]} 18. Rf1 {[%clk 01:04:22]} {[%emt 00:01:05]} Rad8
{[%clk 01:21:57]} {[%emt 00:00:23]} 19. h3 {[%clk 01:02:45]} {[%emt 00:02:07]}
Nxf2 {[%clk 01:21:47]} {[%emt 00:00:41]} 20. Rxf2 {[%clk 01:02:39]} {[%emt
00:00:35]} Rd1+ {[%clk 01:22:09]} {[%emt 00:00:08]} 21. Bf1 {[%clk 01:02:32]}
{[%emt 00:00:37]} Rfd8 {[%clk 01:22:37]} {[%emt 00:00:03]} 22. b4 {[%clk
00:59:46]} {[%emt 00:03:15]} R8d2 {[%clk 01:22:33]} {[%emt 00:00:35]} 23. Bxd2
{[%clk 00:59:51]} {[%emt 00:00:25]} Rxd2 {[%clk 01:22:58]} {[%emt 00:00:04]} 24.
a4 {[%clk 01:00:03]} {[%emt 00:00:18]} e4 {[%clk 01:23:08]} {[%emt 00:00:21]}
25. c4 {[%clk 00:59:51]} {[%emt 00:00:42]} Bxf2+ {[%clk 01:23:31]} {[%emt
00:00:07]} 26. Kh1 {[%clk 00:59:52]} {[%emt 00:00:29]} e3 {[%clk 01:23:58]}
{[%emt 00:00:04]} 27. c5 {[%clk 00:59:24]} {[%emt 00:00:57]} e2 {[%clk
01:24:24]} {[%emt 00:00:20]}  0-1

[Event "1st 4NCL Easter Congress"]
[Site "Stevenage"]
[Date "2019.04.20"]
[Round "3"]
[Board "4"]
[White "Wells, Peter K"]
[Black "Brett, Andrew R"]
[Result "1-0"]
[WhiteElo "2416"]
[BlackElo "2114"]
[PlyCount "0"]
[EventDate "2019.04.19"]
[EventRounds "7"]
[EventCountry "ENG"]

1. e4 {[%clk 01:23:54]} {[%emt 00:07:05]} e5 {[%clk 01:30:45]} {[%emt
00:00:16]} 2. Nf3 {[%clk 01:24:18]} {[%emt 00:00:06]} Nc6 {[%clk 01:31:06]}
{[%emt 00:00:09]} 3. Bb5 {[%clk 01:23:39]} {[%emt 00:01:09]} a6 {[%clk
01:31:21]} {[%emt 00:00:15]} 4. Ba4 {[%clk 01:24:02]} {[%emt 00:00:08]} Nf6
{[%clk 01:31:35]} {[%emt 00:00:15]} 5. O-O {[%clk 01:24:22]} {[%emt 00:00:10]}
Be7 {[%clk 01:31:58]} {[%emt 00:00:07]} 6. Re1 {[%clk 01:23:50]} {[%emt
00:01:03]} b5 {[%clk 01:32:21]} {[%emt 00:00:07]} 7. Bb3 {[%clk 01:24:17]}
{[%emt 00:00:03]} O-O {[%clk 01:32:40]} {[%emt 00:00:10]} 8. h3 {[%clk
01:24:11]} {[%emt 00:00:37]} Bb7 {[%clk 01:32:17]} {[%emt 00:00:53]} 9. d3
{[%clk 01:23:59]} {[%emt 00:00:42]} d5 {[%clk 01:32:25]} {[%emt 00:00:21]} 10.
exd5 {[%clk 01:22:29]} {[%emt 00:01:59]} Nxd5 {[%clk 01:32:51]} {[%emt
00:00:05]} 11. Nxe5 {[%clk 01:17:30]} {[%emt 00:05:30]} Nd4 {[%clk 01:32:51]}
{[%emt 00:00:29]} 12. Nc3 {[%clk 01:14:55]} {[%emt 00:03:05]} Nxb3 {[%clk
01:31:06]} {[%emt 00:02:14]} 13. axb3 {[%clk 01:13:33]} {[%emt 00:01:52]} Bf6
{[%clk 01:30:21]} {[%emt 00:01:15]} 14. Bd2 {[%clk 00:58:09]} {[%emt 00:15:55]}
Re8 {[%clk 01:28:10]} {[%emt 00:02:40]} 15. Ng4 {[%clk 00:45:00]} {[%emt
00:13:40]} Bd4 {[%clk 01:17:24]} {[%emt 00:11:15]} 16. Rxe8+ {[%clk 00:33:27]}
{[%emt 00:12:03]} Qxe8 {[%clk 01:17:38]} {[%emt 00:00:16]} 17. Qf3 {[%clk
00:33:22]} {[%emt 00:00:35]} Rd8 {[%clk 00:34:25]} {[%emt 00:43:44]} 18. Re1
{[%clk 00:27:55]} {[%emt 00:05:56]} Qc6 {[%clk 00:32:01]} {[%emt 00:02:54]} 19.
Nxd5 {[%clk 00:24:11]} {[%emt 00:04:15]} Qxd5 {[%clk 00:32:13]} {[%emt
00:00:17]} 20. Qxd5 {[%clk 00:21:28]} {[%emt 00:03:13]} Bxd5 {[%clk 00:32:32]}
{[%emt 00:00:10]} 21. Bc3 {[%clk 00:20:48]} {[%emt 00:01:11]} Bb6 {[%clk
00:29:22]} {[%emt 00:03:37]} 22. Ne3 {[%clk 00:14:59]} {[%emt 00:06:20]} Bb7
{[%clk 00:27:53]} {[%emt 00:02:00]} 23. Nf5 {[%clk 00:13:02]} {[%emt 00:02:28]}
f6 {[%clk 00:22:32]} {[%emt 00:05:51]} 24. Re7 {[%clk 00:11:13]} {[%emt
00:02:19]} Rd5 {[%clk 00:19:39]} {[%emt 00:03:23]} 25. Rxg7+ {[%clk 00:07:13]}
{[%emt 00:04:30]} Kf8 {[%clk 00:19:48]} {[%emt 00:00:21]} 26. Bb4+ {[%clk
00:07:22]} {[%emt 00:00:21]} Bc5 {[%clk 00:19:56]} {[%emt 00:00:22]} 27. Rxc7
{[%clk 00:07:44]} {[%emt 00:00:09]} Bxb4 {[%clk 00:20:08]} {[%emt 00:00:18]} 28.
Ne3 {[%clk 00:08:09]} {[%emt 00:00:04]}  1-0

[Event "1st 4NCL Easter Congress"]
[Site "Stevenage"]
[Date "2019.04.20"]
[Round "3"]
[Board "5"]
[White "Burrows, Martin P"]
[Black "Buckley, Graeme N"]
[Result "0-1"]
[WhiteElo "2146"]
[BlackElo "2332"]
[PlyCount "0"]
[EventDate "2019.04.19"]
[EventRounds "7"]
[EventCountry "ENG"]

1. e4 {[%clk 01:30:56]} {[%emt 00:00:04]} c5 {[%clk 01:29:48]} {[%emt
00:01:12]} 2. Nf3 {[%clk 01:31:13]} {[%emt 00:00:13]} Nc6 {[%clk 01:30:02]}
{[%emt 00:00:17]} 3. d4 {[%clk 01:31:37]} {[%emt 00:00:06]} cxd4 {[%clk
01:30:29]} {[%emt 00:00:02]} 4. Nxd4 {[%clk 01:32:00]} {[%emt 00:00:07]} Nf6
{[%clk 01:30:57]} {[%emt 00:00:02]} 5. Nc3 {[%clk 01:32:18]} {[%emt 00:00:12]}
d6 {[%clk 01:31:25]} {[%emt 00:00:03]} 6. Bg5 {[%clk 01:32:24]} {[%emt
00:00:23]} e6 {[%clk 01:31:45]} {[%emt 00:00:09]} 7. Qd2 {[%clk 01:32:37]}
{[%emt 00:00:17]} a6 {[%clk 01:28:38]} {[%emt 00:03:37]} 8. O-O-O {[%clk
01:32:43]} {[%emt 00:00:23]} Qb6 {[%clk 01:28:42]} {[%emt 00:00:27]} 9. Nb3
{[%clk 01:29:22]} {[%emt 00:03:51]} Be7 {[%clk 01:29:04]} {[%emt 00:00:09]} 10.
f3 {[%clk 01:25:59]} {[%emt 00:03:54]} O-O {[%clk 01:29:18]} {[%emt 00:00:15]}
11. h4 {[%clk 01:23:14]} {[%emt 00:03:15]} Rd8 {[%clk 01:28:22]} {[%emt
00:01:27]} 12. Be3 {[%clk 01:17:23]} {[%emt 00:06:20]} Qc7 {[%clk 01:28:45]}
{[%emt 00:00:07]} 13. Qf2 {[%clk 01:17:28]} {[%emt 00:00:25]} Nd7 {[%clk
01:27:37]} {[%emt 00:01:38]} 14. g4 {[%clk 01:14:33]} {[%emt 00:03:25]} b5
{[%clk 01:25:58]} {[%emt 00:02:09]} 15. g5 {[%clk 01:14:02]} {[%emt 00:01:01]}
b4 {[%clk 01:22:04]} {[%emt 00:04:25]} 16. Ne2 {[%clk 01:11:32]} {[%emt
00:02:59]} a5 {[%clk 01:19:55]} {[%emt 00:02:39]} 17. Kb1 {[%clk 01:11:34]}
{[%emt 00:00:28]} a4 {[%clk 01:07:19]} {[%emt 00:13:07]} 18. Nbc1 {[%clk
01:09:41]} {[%emt 00:02:22]} Nce5 {[%clk 01:01:42]} {[%emt 00:06:07]} 19. Nd4
{[%clk 01:09:29]} {[%emt 00:00:42]} Ba6 {[%clk 00:48:39]} {[%emt 00:13:33]} 20.
Bxa6 {[%clk 01:07:32]} {[%emt 00:02:27]} Rxa6 {[%clk 00:49:05]} {[%emt
00:00:04]} 21. h5 {[%clk 01:07:36]} {[%emt 00:00:26]} Nc5 {[%clk 00:41:03]}
{[%emt 00:08:32]} 22. Qe2 {[%clk 01:00:52]} {[%emt 00:07:13]} Qb7 {[%clk
00:32:53]} {[%emt 00:08:41]} 23. Rdg1 {[%clk 00:53:34]} {[%emt 00:07:48]} b3
{[%clk 00:29:04]} {[%emt 00:04:20]} 24. cxb3 {[%clk 00:50:54]} {[%emt
00:03:10]} axb3 {[%clk 00:29:19]} {[%emt 00:00:16]} 25. a3 {[%clk 00:43:29]}
{[%emt 00:07:54]} Ra4 {[%clk 00:24:27]} {[%emt 00:05:22]} 26. g6 {[%clk
00:42:12]} {[%emt 00:01:47]} Bf6 {[%clk 00:23:13]} {[%emt 00:01:44]} 27. gxf7+
{[%clk 00:36:20]} {[%emt 00:06:22]} Kxf7 {[%clk 00:20:30]} {[%emt 00:03:14]} 28.
Nb5 {[%clk 00:33:08]} {[%emt 00:03:41]} Nc4 {[%clk 00:15:34]} {[%emt 00:05:25]}
29. Bd4 {[%clk 00:21:35]} {[%emt 00:12:04]} Qxb5 {[%clk 00:07:39]} {[%emt
00:08:25]} 30. Bxf6 {[%clk 00:21:56]} {[%emt 00:00:09]} Kxf6 {[%clk 00:05:17]}
{[%emt 00:02:53]} 31. Qg2 {[%clk 00:22:24]} {[%emt 00:00:02]} Rg8 {[%clk
00:05:01]} {[%emt 00:00:46]} 32. Rh4 {[%clk 00:16:56]} {[%emt 00:05:58]} Ke7
{[%clk 00:04:06]} {[%emt 00:01:23]} 33. Qg5+ {[%clk 00:13:32]} {[%emt
00:03:56]} Kd7 {[%clk 00:04:13]} {[%emt 00:00:22]} 34. Rf4 {[%clk 00:14:01]}
{[%emt 00:00:02]} Nd2+ {[%clk 00:03:51]} {[%emt 00:00:52]}  0-1

[Event "1st 4NCL Easter Congress"]
[Site "Stevenage"]
[Date "2019.04.20"]
[Round "3"]
[Board "6"]
[White "Isaakidis, Alexandros"]
[Black "Tyomkyn, Mikhail"]
[Result "1-0"]
[WhiteElo "2173"]
[BlackElo "2138"]
[PlyCount "0"]
[EventDate "2019.04.19"]
[EventRounds "7"]
[EventCountry "ENG"]

1. e4 {[%clk 01:30:56]} {[%emt 00:00:03]} e6 {[%clk 01:30:56]} {[%emt
00:00:05]} 2. d4 {[%clk 01:31:19]} {[%emt 00:00:07]} d5 {[%clk 01:31:21]} 3.
Nd2 {[%clk 01:31:42]} {[%emt 00:00:11]} Be7 {[%clk 01:31:46]} 4. e5 {[%clk
01:31:51]} {[%emt 00:00:27]} c5 {[%clk 01:32:08]} 5. c3 {[%clk 01:32:15]}
{[%emt 00:00:14]} cxd4 {[%emt 00:00:10]} 6. cxd4 {[%clk 01:32:38]} {[%emt
00:00:05]} Qb6 {[%clk 01:32:53]} 7. Ndf3 {[%clk 01:32:05]} {[%emt 00:01:08]}
Bb4+ {[%clk 01:31:41]} 8. Bd2 {[%emt 00:02:04]} Nc6 9. Bxb4 {[%clk 01:32:13]}
Qxb4+ {[%emt 00:14:46]} 10. Qd2 Nge7 {[%clk 01:28:20]} 11. Bd3 {[%clk
01:21:39]} {[%emt 00:02:09]} O-O {[%clk 01:24:41]} 12. a3 {[%clk 01:19:32]}
{[%emt 00:06:47]} Qxd2+ {[%clk 01:25:05]} 13. Kxd2 {[%clk 01:19:54]} {[%emt
00:00:14]} Na5 {[%clk 01:23:02]} 14. Ke2 {[%clk 01:13:21]} {[%emt 00:09:35]}
Bd7 {[%clk 01:20:26]} 15. Nd2 {[%clk 01:13:08]} {[%emt 00:03:49]} Ba4 {[%clk
01:17:52]} 16. Ngf3 {[%clk 01:11:39]} {[%emt 00:05:03]} Rfc8 {[%clk 01:11:49]}
17. h4 {[%clk 01:03:23]} {[%emt 00:15:19]} h6 {[%clk 01:05:24]} 18. h5 {[%emt
00:07:38]} Rc7 19. g4 {[%clk 01:03:10]} Rac8 {[%clk 01:02:24]} 20. g5 {[%emt
00:18:18]} Bc2 21. Rag1 Kf8 22. Nh4 {[%clk 00:51:40]} Bxd3+ {[%clk 01:00:21]}
23. Kxd3 {[%clk 00:42:29]} {[%emt 00:30:22]} Nc4 {[%clk 00:42:42]} 24. Nxc4
{[%clk 00:41:00]} {[%emt 00:02:13]} dxc4+ {[%clk 00:41:26]} {[%emt 00:01:46]}
25. Kc2 {[%clk 00:40:09]} {[%emt 00:01:20]} b5 {[%clk 00:33:51]} 26. gxh6
{[%clk 00:38:49]} {[%emt 00:09:56]} gxh6 {[%clk 00:27:49]} {[%emt 00:00:52]} 27.
Rh3 Rd8 {[%emt 00:13:47]} 28. Rg4 {[%clk 00:30:19]} Rcd7 {[%emt 00:20:18]} 29.
Kc3 Nd5+ 30. Kc2 {[%clk 00:16:23]} {[%emt 00:00:02]} Ne7 {[%clk 00:25:28]}
{[%emt 00:05:27]} 31. Kd2 {[%clk 00:13:21]} {[%emt 00:02:07]} a5 {[%emt
00:01:03]} 32. Nf3 {[%clk 00:10:27]} b4 {[%clk 00:23:19]} {[%emt 00:05:47]} 33.
Rh1 {[%clk 00:08:36]} Nd5 {[%clk 00:23:19]} 34. Kc2 {[%clk 00:08:36]} Ne7
{[%clk 00:23:47]}  1-0

[Event "1st 4NCL Easter Congress"]
[Site "Stevenage"]
[Date "2019.04.20"]
[Round "3"]
[Board "7"]
[White "Derakhshani, Borna"]
[Black "Moore, Gerald"]
[Result "1-0"]
[WhiteElo "2316"]
[BlackElo "2045"]
[PlyCount "0"]
[EventDate "2019.04.19"]
[EventRounds "7"]
[EventCountry "ENG"]

1. d4 {[%clk 01:16:57]} {[%emt 00:14:02]} Nf6 {[%clk 01:30:41]} {[%emt
00:00:20]} 2. Bf4 {[%clk 01:17:23]} {[%emt 00:00:05]} g6 {[%clk 01:28:17]}
{[%emt 00:02:53]} 3. Nc3 {[%clk 01:17:47]} {[%emt 00:00:06]} d6 {[%clk
01:27:54]} {[%emt 00:00:53]} 4. Qd2 {[%clk 01:18:10]} {[%emt 00:00:07]} c6
{[%clk 01:28:07]} {[%emt 00:00:17]} 5. e4 {[%clk 01:16:25]} {[%emt 00:02:15]}
Nbd7 {[%clk 01:24:53]} {[%emt 00:03:44]} 6. O-O-O {[%clk 01:12:22]} {[%emt
00:04:33]} Qa5 {[%clk 01:12:35]} {[%emt 00:12:48]} 7. Nf3 {[%clk 00:47:21]}
{[%emt 00:25:30]} b5 {[%clk 01:08:34]} {[%emt 00:04:31]} 8. Bd3 {[%clk
00:46:54]} {[%emt 00:00:57]} b4 {[%clk 00:54:18]} {[%emt 00:14:47]} 9. Nb1
{[%clk 00:47:15]} {[%emt 00:00:09]} Bg7 {[%clk 00:52:42]} {[%emt 00:02:06]} 10.
a3 {[%clk 00:40:30]} {[%emt 00:07:15]} Rb8 {[%clk 00:50:30]} {[%emt 00:02:42]}
11. e5 {[%clk 00:39:33]} {[%emt 00:01:26]} Nd5 {[%clk 00:48:36]} {[%emt
00:02:25]} 12. exd6 {[%clk 00:38:01]} {[%emt 00:02:02]} Nxf4 {[%clk 00:24:21]}
{[%emt 00:24:45]} 13. Qxf4 {[%clk 00:38:25]} {[%emt 00:00:06]} e5 {[%clk
00:21:35]} {[%emt 00:03:15]} 14. Nxe5 {[%clk 00:33:00]} {[%emt 00:05:55]} Nxe5
{[%clk 00:21:46]} {[%emt 00:00:19]} 15. dxe5 {[%clk 00:32:47]} {[%emt
00:00:44]} O-O {[%clk 00:22:06]} {[%emt 00:00:10]} 16. Rhe1 {[%clk 00:32:43]}
{[%emt 00:00:34]} Be6 {[%clk 00:21:51]} {[%emt 00:00:45]} 17. a4 {[%clk
00:21:32]} {[%emt 00:11:41]} Qxa4 {[%clk 00:18:03]} {[%emt 00:04:17]} 18. Re4
{[%clk 00:18:00]} {[%emt 00:04:03]} Bd5 {[%clk 00:12:25]} {[%emt 00:06:08]} 19.
Re3 {[%clk 00:16:08]} {[%emt 00:02:23]} Qa2 {[%clk 00:09:03]} {[%emt 00:03:51]}
20. Be4 {[%clk 00:14:01]} {[%emt 00:02:37]} a5 {[%clk 00:06:06]} {[%emt
00:03:27]} 21. Bxd5 {[%clk 00:11:20]} {[%emt 00:03:11]} cxd5 {[%clk 00:06:33]}
{[%emt 00:00:02]} 22. Qd4 {[%clk 00:11:33]} {[%emt 00:00:17]} Rbc8 {[%clk
00:04:57]} {[%emt 00:02:07]} 23. d7 {[%clk 00:10:21]} {[%emt 00:01:41]} Rcd8
{[%clk 00:04:49]} {[%emt 00:00:38]} 24. Qxd5 {[%clk 00:04:35]} {[%emt
00:06:16]} Qxd5 {[%clk 00:04:59]} {[%emt 00:00:21]} 25. Rxd5 {[%clk 00:05:05]}
Bh6 {[%clk 00:05:20]} {[%emt 00:00:09]} 26. Nd2 {[%clk 00:05:22]} {[%emt
00:00:13]} Bxe3 {[%clk 00:05:32]} {[%emt 00:00:17]} 27. fxe3 {[%clk 00:05:51]}
{[%emt 00:00:01]} Ra8 {[%clk 00:04:40]} {[%emt 00:01:23]} 28. Ne4 {[%clk
00:04:57]} {[%emt 00:01:24]} Rfd8 {[%clk 00:04:45]} {[%emt 00:00:25]} 29. Nc5
{[%clk 00:04:41]} {[%emt 00:00:46]} Ra7 {[%clk 00:04:51]} {[%emt 00:00:24]} 30.
b3 {[%clk 00:04:54]} {[%emt 00:00:17]} Rc7 {[%clk 00:02:39]} {[%emt 00:02:41]}
31. e4 {[%clk 00:04:19]} {[%emt 00:01:06]} Rxc5 {[%clk 00:02:26]} {[%emt
00:00:43]} 32. Rxc5 {[%clk 00:04:46]} {[%emt 00:00:02]} Rxd7 {[%clk 00:02:50]}
{[%emt 00:00:06]} 33. Rxa5 {[%clk 00:03:52]} {[%emt 00:01:25]} Rd4 {[%clk
00:03:13]} {[%emt 00:00:06]} 34. Rc5 {[%clk 00:03:59]} {[%emt 00:00:23]} Rxe4
{[%clk 00:02:44]} {[%emt 00:00:59]} 35. Kd2 {[%clk 00:04:05]} {[%emt 00:00:25]}
Kf8 {[%clk 00:02:54]} {[%emt 00:00:19]} 36. Rc4 {[%clk 00:03:54]} {[%emt
00:00:41]} Rxe5 {[%clk 00:02:58]} {[%emt 00:00:26]} 37. Rxb4 {[%clk 00:04:20]}
{[%emt 00:00:05]} Ke7 {[%clk 00:02:43]} {[%emt 00:00:45]} 38. Rd4 {[%clk
00:04:36]} {[%emt 00:00:14]} f5 {[%clk 00:02:43]} {[%emt 00:00:29]} 39. c4
{[%clk 00:04:36]} {[%emt 00:00:31]} g5 {[%clk 00:02:41]} {[%emt 00:00:32]} 40.
b4 {[%clk 00:03:56]} {[%emt 00:01:10]}  1-0